| 000 | 00563nam a2200229Ia 4500 | ||
|---|---|---|---|
| 003 | 0100 | ||
| 008 | 130307s9999 xx 000 0 und d | ||
| 020 | _a0710203098 | ||
| 040 | _cARRUPELIB | ||
| 050 | _aBJ1012.S516 1985 | ||
| 100 | _aSlote, Michael | ||
| 245 | _aCommon-sense morality and consequentialism | ||
| 260 | _aLondon | ||
| 260 | _bRoutledge and Kegan Paul | ||
| 260 | _c1985 | ||
| 300 | _aix | ||
| 300 | _b157p. 24cm. | ||
| 440 | _aInternational Library of Philosophy | ||
| 650 | _aETHICS | ||
| 650 | _btheology, doctrinal | ||
| 942 | 0 | 0 | _01 |
| 999 |
_c96145 _d96145 |
||